000 00849nam a2200277Ia 4500
005 20260320195813.0
008 008 262003s9999 xx 000 0 hin d
020 _a9789389598438
037 _aEBOOK
040 _aCRL
040 _bhin
040 _cCRL
041 _2hin
041 _ahin
084 _qCRL
100 _aफ़ैज़ अहमद 'फ़ैज़', अनु. अब्दुल बिस्मिल्लाह, सं. अब्दुल बिस्मिल्लाह, धर्मेंद्र सुशांत
_91133161
245 0 _aदस्ते-सबा
250 _a3rd
260 _bRajkamal
260 _c2020
300 _a96
856 _uhttps://ebook.indiaread.in/pdfs/739_daste_sabaa_by_faiz_ahmad_faiz.pdf
942 _cEBOOK
999 _c1716591
_d1716591